书目信息 |
| 题名: |
工程随机过程
|
|
| 作者: | 彭秀艳 编著 | |
| 分册: | ||
| 出版信息: | 哈尔滨 哈尔滨工程大学出版社 2000.09 |
|
| 页数: | 308页 | |
| 开本: | 26cm | |
| 丛书名: | ||
| 单 册: | ||
| 中图分类: | TB114 | |
| 科图分类: | ||
| 主题词: | 工程数学 | |
| 电子资源: | ||
| ISBN: | 7-81073-093-2 | |
| 000 | 00549nam0 2200193 45 | |
| 001 | 0437968096 | |
| 005 | 2004051010324790 | |
| 010 | @a7-81073-093-2@dCNY 25.00 | |
| 100 | @a20040510d2000 km y0chiy0120 ea | |
| 101 | 0 | @achi |
| 102 | @aCN@b230000 | |
| 200 | 1 | @a工程随机过程@AGong Cheng Sui Ji Guo Cheng@f彭秀艳编著@FPeng Xiu Yan Bian Zhu |
| 210 | @a哈尔滨@c哈尔滨工程大学出版社@d2000.09 | |
| 215 | @a308页@d26cm | |
| 606 | 0 | @a工程数学 |
| 690 | @aTB114@v4 | |
| 701 | 0 | @a彭秀艳@APeng Xiu Yan@4编著 |
| 801 | 0 | @aCN@bPFT@c20040510 |
| 905 | @dTB114@eP578 | |
| 工程随机过程/彭秀艳编著.-哈尔滨:哈尔滨工程大学出版社,2000.09 |
| 308页;26cm |
| ISBN 7-81073-093-2:CNY 25.00 |
| ● |
| 相关链接 |
|
|
|
正题名:工程随机过程
索取号:TB114/P578
 
预约/预借
| 序号 | 登录号 | 条形码 | 馆藏地/架位号 | 状态 | 备注 |
| 1 | 397572 | 203975724 | 自科库501/501自科库 2排1列1层/ [索取号:TB114/P578] | 在馆 | |
| 2 | 397573 | 203975733 | 期刊室512/501自科库 2排1列1层/ [索取号:TB114/P578] | 在馆 | |
| 3 | 397574 | 203975742 | 自科库501/501自科库 2排1列1层/ [索取号:TB114/P578] | 在馆 |